Štátny dlh - teoretické a právne vymedzenie

Verejný dlh predstavuje sumu štátneho dlhu a dlhu ostatných subjektov verejnej správy (VS). Z účtovného hľadiska je rozpočet bilanciou a v tomto poňatí musí byť vždy na konci fiškálneho obdobia vyrovnaný. Schodkové hospodárenie štátu (resp. iných subjektov VS). Položky, ktoré tvoria rozpočet VS. Maa...

Ausführliche Beschreibung

Gespeichert in:
Bibliographische Detailangaben
1. Verfasser: Kubincová, Soňa
Weitere Verfasser: Kubincová, Lucia
Format: Buchkapitel
Sprache:Slowakisch
Schlagworte:
Tags: Tag hinzufügen
Keine Tags, Fügen Sie das erste Tag hinzu!

MARC

LEADER 00000naa a2200000 4500
001 0143803
005 20231120121703.5
041 0 |a slo 
044 |a SK 
245 1 0 |a Štátny dlh - teoretické a právne vymedzenie  |c Soňa Kubincová, Lucia Kubincová 
520 |a Verejný dlh predstavuje sumu štátneho dlhu a dlhu ostatných subjektov verejnej správy (VS). Z účtovného hľadiska je rozpočet bilanciou a v tomto poňatí musí byť vždy na konci fiškálneho obdobia vyrovnaný. Schodkové hospodárenie štátu (resp. iných subjektov VS). Položky, ktoré tvoria rozpočet VS. Maastrichtský dlh, verejný dlh. Súhrn záväzkov Slovenska z minulých rokov predstavuje štátny dlh. 
610 2 0 |a dlhy štátne 
610 2 0 |a dlhy verejné 
610 2 0 |a hospodárenie finančné 
610 2 0 |a štát 
610 2 0 |a deficit rozpočtový 
610 2 0 |a Slovensko 
100 1 |a Kubincová, Soňa 
700 1 |a Kubincová, Lucia